Countries that have hosted Archery World Championships - Statistics

General Stats
  • This quiz has been taken 25 times
  • The average score is 27 of 35
Answer Stats
Continent Country % Correct
North America United States of America
100%
Europe France
95%
Europe Germany
95%
North America Canada
91%
Europe Italy
91%
Asia/ Europe Russia
91%
Europe United Kingdom
91%
Oceania Australia
86%
Asia China
86%
Europe Denmark
86%
South America Argentina
82%
Europe Belgium
82%
Europe Norway
82%
Europe Spain
82%
Europe Sweden
82%
Europe Austria
77%
Europe Finland
77%
Europe Poland
77%
Asia/ Europe Turkey
77%
North America Mexico
73%
Asia South Korea
73%
Europe Switzerland
73%
Europe the Netherlands
73%
Europe Croatia
68%
Europe Hungary
68%
Asia Indonesia
68%
Europe Ireland
68%
Oceania New Zealand
68%
Europe Slovakia
68%
Europe Slovenia
68%
North America Cuba
64%
Europe Czech Republic
64%
Asia Thailand
55%
Asia Taiwan
45%
Asia Mongolia
23%
No matching quizzes found
Score Distribution
Percent of People with Each Score
Percentile by Number Answered
Your Score History
You have not taken this quiz